000 00283nam a22001337a 4500
008 170629b xxu||||| |||| 00| 0 eng d
020 _a9780673350381
041 _aeng
080 _a82
100 _a22
101 _agjl
245 _aLIFE SCIENCES
_cBIDDLE, A.W
942 _2udc
_cBK
999 _c19528
_d19528